|
|
|
|
| LEADER |
01800nam a2200349 a 4500 |
| 001 |
AAL9045 |
| 003 |
BD-DhAAL |
| 005 |
20170514143915.0 |
| 008 |
170514s2012 nyu 000 1 eng |
| 999 |
|
|
|c 38139
|d 38139
|
| 010 |
|
|
|a 2012376657
|
| 020 |
|
|
|a 9780099579939
|
| 020 |
|
|
|a 9780345803481 (pbk.)
|
| 040 |
|
|
|a DLC
|c DLC
|d DLC
|d BD-DhAAL
|
| 050 |
0 |
0 |
|a PR6110.A4555
|b F56 2012
|
| 082 |
0 |
0 |
|a 823/.92
|2 23
|
| 100 |
1 |
|
|a James, E. L.
|9 21550
|
| 245 |
1 |
0 |
|a Fifty shades of Grey /
|c E. L. James.
|
| 250 |
|
|
|a 1st Vintage Books ed.
|
| 260 |
|
|
|a New York :
|b Vintage Books,
|c 2012.
|
| 300 |
|
|
|a 514 p. ;
|c 21 cm.
|
| 490 |
0 |
|
|a Fifty shades trilogy ;
|v [1]
|
| 500 |
|
|
|a Originally published: Australia : Writer's Coffee Shop Publishing House, 2011.
|
| 541 |
|
|
|e 9045
|
| 650 |
|
0 |
|a Man-woman relationships
|v Fiction.
|9 21551
|
| 655 |
|
7 |
|a Erotic fiction.
|2 gsafd
|9 21552
|
| 942 |
|
|
|2 ddc
|c BK
|
| 952 |
|
|
|0 0
|1 0
|2 ddc
|4 0
|6 823_000000000000000__92_JAM
|7 0
|9 60650
|a SCL
|b SCL
|c GEN
|d 2017-05-14
|e Tajin Boi Gar
|l 21
|m 77
|o 823.92 JAM
|p 3020009045
|r 2025-10-19
|s 2025-10-13
|t 1
|w 2017-05-14
|y BK
|
| 952 |
|
|
|0 0
|1 0
|2 ddc
|4 0
|6 823_000000000000000__92_JAM
|7 0
|9 60651
|a SCL
|b SCL
|c GEN
|d 2017-05-14
|e Tajin Boi Gar
|l 29
|m 71
|o 823.92 JAM
|p 3020009049
|r 2026-02-18
|s 2025-08-28
|t 2
|w 2017-05-14
|y BK
|
| 952 |
|
|
|0 0
|1 0
|2 ddc
|4 0
|6 823_000000000000000__92_JAM
|7 0
|9 60652
|a SCL
|b SCL
|c GEN
|d 2017-05-14
|e Tajin Boi Gar
|l 1
|m 7
|o 823.92 JAM
|p 3020009047
|r 2017-07-22
|s 2017-05-29
|t 3
|w 2017-05-14
|y BK
|
| 952 |
|
|
|0 0
|1 0
|2 ddc
|4 0
|6 823_000000000000000__92_JAM
|7 0
|9 60653
|a SCL
|b SCL
|c GEN
|d 2017-05-14
|e Tajin Boi Gar
|l 26
|m 77
|o 823.92 JAM
|p 3020009046
|r 2026-05-08
|s 2026-02-16
|t 4
|w 2017-05-14
|y BK
|
| 952 |
|
|
|0 0
|1 0
|2 ddc
|4 0
|6 823_000000000000000__92_JAM
|7 0
|9 60654
|a SCL
|b SCL
|c GEN
|d 2017-05-14
|e Tajin Boi Gar
|l 3
|m 13
|o 823.92 JAM
|p 3020009048
|r 2018-04-04
|s 2018-01-14
|t 5
|w 2017-05-14
|y BK
|